UBT Library

FUNDAMENTALS OF CORPORATE FINANCE (Record no. 36173)

000 -LEADER
fixed length control field 00327nam a22001457a 4500
007 - PHYSICAL DESCRIPTION FIXED FIELD--GENERAL INFORMATION
fixed length control field 9789574934058
008 - FIXED-LENGTH DATA ELEMENTS--GENERAL INFORMATION
fixed length control field 171027b xxu||||| |||| 00| 0 eng d
020 ## - INTERNATIONAL STANDARD BOOK NUMBER
International Standard Book Number 9789574934058
041 ## - LANGUAGE CODE
Language code of text/sound track or separate title eng
080 ## - UNIVERSAL DECIMAL CLASSIFICATION NUMBER
Universal Decimal Classification number 336
100 ## - Rafti
Rafti 56
101 ## - Shkurtesa
Shkurtesa FIN
245 ## - TITLE STATEMENT
Title FUNDAMENTALS OF CORPORATE FINANCE
Statement of responsibility, etc JAME.D
942 ## - ADDED ENTRY ELEMENTS (KOHA)
Source of classification or shelving scheme
Item type Books
Holdings
Withdrawn status Lost status Source of classification or shelving scheme Damaged status Not for loan Collection code Permanent location Current location Shelving location Date acquired Total Checkouts Full call number Barcode Date last seen Price effective from Koha item type
          Koleksioni i përgjithshem UBT - Lipjan UBT - Lipjan Koleksioni i përgjithshem 10/27/2017   336 JAM 002-2934162 10/27/2017 10/27/2017 Books
UBT Library © 2015-2024. All rights reserved University Education for Business and Technology